Plant Biodiversity in Urbanized Areas Plant Functional Traits in Space and Time, Plant Rarity and Phylogenetic Diversity /

Urbanization is one of the main drivers of global change. It often takes place in areas with high biodiversity, threatening species worldwide. To protect biodiversity not only outside but also right within urban areas, knowledge about the effects of urban land use on species assemblages is essential...

Πλήρης περιγραφή

Λεπτομέρειες βιβλιογραφικής εγγραφής
Κύριος συγγραφέας: Knapp, Sonja (Συγγραφέας)
Συγγραφή απο Οργανισμό/Αρχή: SpringerLink (Online service)
Μορφή: Ηλεκτρονική πηγή Ηλ. βιβλίο
Γλώσσα:English
Έκδοση: Wiesbaden : Vieweg+Teubner, 2010.
Θέματα:
Διαθέσιμο Online:Full Text via HEAL-Link
LEADER 03042nam a22004095i 4500
001 978-3-8348-9626-1
003 DE-He213
005 20151204190500.0
007 cr nn 008mamaa
008 100509s2010 gw | s |||| 0|eng d
020 |a 9783834896261  |9 978-3-8348-9626-1 
024 7 |a 10.1007/978-3-8348-9626-1  |2 doi 
040 |d GrThAP 
050 4 |a TP248.13-248.65 
072 7 |a TCB  |2 bicssc 
072 7 |a SCI010000  |2 bisacsh 
082 0 4 |a 660.6  |2 23 
100 1 |a Knapp, Sonja.  |e author. 
245 1 0 |a Plant Biodiversity in Urbanized Areas  |h [electronic resource] :  |b Plant Functional Traits in Space and Time, Plant Rarity and Phylogenetic Diversity /  |c by Sonja Knapp. 
264 1 |a Wiesbaden :  |b Vieweg+Teubner,  |c 2010. 
300 |a 180 p. 8 illus. in color.  |b online resource. 
336 |a text  |b txt  |2 rdacontent 
337 |a computer  |b c  |2 rdamedia 
338 |a online resource  |b cr  |2 rdacarrier 
347 |a text file  |b PDF  |2 rda 
505 0 |a General Introduction -- Urbanization Causes Shifts of Species’ Trait State Frequencies – a Large Scale Analysis -- Does Urbanization Cause Shifts of Species’ Trait State Frequencies? – A Small Scale Analysis -- How Species Traits and Affinity to Urban Land Use Control Plant Species Frequency -- Changes in the Functional Composition of a Central European Urban Flora over Three Centuries -- Challenging Urban Species Diversity: Contrasting Phylogenetic Patterns across Plant Functional Groups in Germany. 
520 |a Urbanization is one of the main drivers of global change. It often takes place in areas with high biodiversity, threatening species worldwide. To protect biodiversity not only outside but also right within urban areas, knowledge about the effects of urban land use on species assemblages is essential. Sonja Knapp compares several aspects of plant biodiversity between urban and rural areas in Germany. Using extensive databases and modern statistical methods, she goes beyond species richness: Urban areas are rich in species but plant species in urban areas are closer related to each other than plant species in rural areas, respectively. The urban environment, characterized by high temperatures and frequent disturbances, changes the functional composition of the flora. It promotes e.g. short-lived species with leaves adapted to drought but threatens insect-pollinated or wind-dispersed species. The author claims that the protection of biodiversity should not only focus on species richness but also on functional and phylogenetic diversity, also right within urban areas, to preserve a flora with a high potential for adaptation to changing global conditions. 
650 0 |a Chemistry. 
650 0 |a Biotechnology. 
650 1 4 |a Chemistry. 
650 2 4 |a Biotechnology. 
710 2 |a SpringerLink (Online service) 
773 0 |t Springer eBooks 
776 0 8 |i Printed edition:  |z 9783834809230 
856 4 0 |u http://dx.doi.org/10.1007/978-3-8348-9626-1  |z Full Text via HEAL-Link 
912 |a ZDB-2-PHA 
950 |a Physics and Astronomy (Springer-11651)